[Event "ECU-ch (Women)"]
[Site "Banos de Agua Santa"]
[Date "2020.03.12"]
[Round "4"]
[White "Pincay Coloma, Renata Alejandra"]
[Black "Jaramillo Arce, Katherine Jomira"]
[Result "1/2-1/2"]
[WhiteElo "1544"]
[BlackElo "1711"]
[PlyCount "73"]
[EventDate "2020.03.10"]
[EventType "swiss"]
[EventRounds "9"]
[EventCountry "ECU"]
[SourceTitle "CBM 195 Extra"]
[Source "ChessBase"]
[SourceDate "2020.05.31"]
[SourceVersion "1"]
[SourceVersionDate "2020.05.31"]
[SourceQuality "1"]

1. d4 d5 2. Nf3 e6 3. g3 c6 4. Bg2 f5 5. c4 Nf6 6. Nc3 Bd6 7. c5 Bc7 8. b4 0-0 9. e3 Qe7 10. a4 Nbd7 11. 0-0 Ne4 12. Ne2 Rf6 13. b5 Rh6 14. Qb3 a5 15. Nd2 Qg5 16. Nf4 Qf6 17. Nf3 g5 18. Nd3 Qg6 19. Nde5 Nxe5 20. Nxe5 Bxe5 21. dxe5 g4 22. h4 gxh3 23. Bxe4 h2+ 24. Kh1 fxe4 25. b6 Bd7 26. Qd1 Be8 27. Qe1 Qf5 28. f3 exf3 29. e4 Qh3 30. Qf2 Qg2+ 31. Qxg2 fxg2+ 32. Kxg2 h1Q+ 33. Rxh1 Rxh1 34. Kxh1 dxe4 35. Bh6 Bh5 36. g4 Bg6 37. Rd1 1/2-1/2

[Event "ECU-chT U20 Girls"]
[Site "Carpuela"]
[Date "2014.05.06"]
[Round "7.1"]
[White "Jaramillo Arce, Katherine Jomira"]
[Black "Arias Cango, Nathaly del Cisne"]
[Result "1-0"]
[WhiteElo "1856"]
[BlackElo "1636"]
[PlyCount "75"]
[EventDate "2014.05.03"]
[EventType "team-swiss"]
[EventRounds "7"]
[EventCountry "ECU"]
[SourceTitle "CBM 160 Extra"]
[Source "ChessBase"]
[SourceDate "2014.07.01"]
[SourceVersion "1"]
[SourceVersionDate "2014.07.01"]
[SourceQuality "1"]
[WhiteTeam "Morona Santiago (W)"]
[BlackTeam "Loja (W)"]
[WhiteTeamCountry "ECU"]
[BlackTeamCountry "ECU"]

1. d4 Nf6 2. c4 g6 3. Nc3 Bg7 4. e4 d6 5. Be2 0-0 6. Bg5 h6 7. Be3 c5 8. d5 e6 9. Qd2 exd5 10. exd5 Kh7 11. h4 Ng8 12. Nh3 Bxh3 13. Rxh3 Nd7 14. h5 g5 15. Bd3+ Kh8 16. g4 Ne5 17. Be2 f5 18. gxf5 Rxf5 19. 0-0-0 Qf8 20. Ne4 b5 21. cxb5 a6 22. bxa6 c4 23. a7 Nd3+ 24. Bxd3 Rxd5 25. Bxc4 Rxd2 26. Rxd2 g4 27. Rg3 Be5 28. Rxg4 Rc8 29. Rc2 Nf6 30. Nxf6 Bxf6 31. Rg8+ Qxg8 32. Bxg8 Rxg8 33. Bxh6 Ra8 34. Be3 d5 35. Rd2 Rd8 36. Bd4 Kg7 37. Bxf6+ Kxf6 38. Rxd5 1-0

[Event "ECU-chT U20 Girls"]
[Site "Carpuela"]
[Date "2014.05.03"]
[Round "1.1"]
[White "Vintimilla Pena, Amarelis Anal"]
[Black "Jaramillo Arce, Katherine Jomira"]
[Result "0-1"]
[WhiteElo "1643"]
[BlackElo "1856"]
[PlyCount "75"]
[EventDate "2014.05.03"]
[EventType "team-swiss"]
[EventRounds "7"]
[EventCountry "ECU"]
[SourceTitle "CBM 160 Extra"]
[Source "ChessBase"]
[SourceDate "2014.07.01"]
[SourceVersion "1"]
[SourceVersionDate "2014.07.01"]
[SourceQuality "1"]
[WhiteTeam "Napo (W)"]
[BlackTeam "Morona Santiago (W)"]
[WhiteTeamCountry "ECU"]
[BlackTeamCountry "ECU"]

1. e4 c5 2. Nf3 d6 3. d4 cxd4 4. Nxd4 Nf6 5. Nc3 a6 6. a4 b6 7. Be3 e5 8. Nb3 Be6 9. Nd5 Nbd7 10. a5 b5 11. Qd3 Bxd5 12. exd5 Rc8 13. Be2 Qc7 14. Rc1 Qb7 15. Bf3 e4 16. Bxe4 Ne5 17. Qe2 Nxe4 18. Bb6 Qxd5 19. f3 Qxb3 20. Qxe4 Qc4 21. Qe3 Be7 22. Kf2 0-0 23. Rhd1 Qh4+ 24. Kg1 Bg5 25. Qb3 Bxc1 26. Rxc1 Qc4 27. Rd1 Qe2 28. Qd5 Rxc2 29. f4 Nc4 30. b3 Ne3 31. Bxe3 Qxe3+ 32. Kh1 Re2 33. h3 Re1+ 34. Rxe1 Qxe1+ 35. Kh2 Qe6 36. Qc6 d5 37. Qc5 Rc8 38. Qd4 0-1

[Event "Wch U18 Girls"]
[Site "Al Ain"]
[Date "2013.12.23"]
[Round "9"]
[White "Jaramillo Arce, Katherine Jomira"]
[Black "Kakhramonova, Mokhinur"]
[Result "1/2-1/2"]
[WhiteElo "1850"]
[BlackElo "2004"]
[PlyCount "127"]
[EventDate "2013.12.18"]
[EventType "swiss"]
[EventRounds "11"]
[EventCountry "UAE"]
[SourceTitle "CBM 158 Extra"]
[Source "ChessBase"]
[SourceDate "2014.02.28"]
[SourceVersion "1"]
[SourceVersionDate "2014.02.28"]
[SourceQuality "1"]

1. d4 d5 2. Nf3 Nf6 3. c4 e6 4. cxd5 exd5 5. Nc3 c6 6. Bg5 Be7 7. Qc2 0-0 8. e3 h6 9. Bxf6 Bxf6 10. Bd3 Be6 11. h3 Nd7 12. g4 c5 13. 0-0-0 cxd4 14. Nxd4 Bxd4 15. exd4 Qf6 16. Kb1 Rfc8 17. Qd2 Kf8 18. f4 Nb6 19. g5 hxg5 20. fxg5 Qxd4 21. g6 Nc4 22. Bxc4 Qxd2 23. Rxd2 dxc4 24. gxf7 Kxf7 25. h4 Bf5+ 26. Kc1 Bd3 27. h5 Kg8 28. h6 Rc6 29. hxg7 Kxg7 30. Rg1+ Rg6 31. Rxg6+ Kxg6 32. Rg2+ Kf6 33. b3 cxb3 34. axb3 Rh8 35. Rd2 Rh3 36. Kb2 Ke6 37. Rf2 b5 38. Ne2 Bxe2 39. Rxe2+ Kd6 40. Rg2 Kc5 41. Rg5+ Kb4 42. Rg4+ Ka5 43. Rg5 a6 44. Rf5 Re3 45. Rh5 Kb6 46. Rh6+ Kc5 47. Rh5+ Kd4 48. Ka3 Re7 49. Rh4+ Kc5 50. Rh6 a5 51. Ra6 Re1 52. Ra8 b4+ 53. Kb2 Re2+ 54. Kb1 Kd4 55. Rc8 Re5 56. Kb2 Rc5 57. Rd8+ Ke5 58. Re8+ Kd6 59. Rd8+ Kc7 60. Rh8 Re5 61. Rh6 Re2+ 62. Kb1 Rd2 63. Ra6 Rd5 64. Kb2 1/2-1/2

[Event "Pan American-ch U20 Girls"]
[Site "Bogota"]
[Date "2013.07.13"]
[Round "6"]
[White "Jaramillo Arce, Katherine Jomira"]
[Black "Jorquera Cabello, Valentina Paz"]
[Result "0-1"]
[WhiteElo "1856"]
[BlackElo "2014"]
[PlyCount "78"]
[EventDate "2013.07.10"]
[EventType "swiss"]
[EventRounds "9"]
[EventCountry "COL"]
[SourceTitle "CBM 155 Extra"]
[Source "ChessBase"]
[SourceDate "2013.08.26"]
[SourceVersion "1"]
[SourceVersionDate "2013.08.26"]
[SourceQuality "1"]

1. d4 Nf6 2. c4 e6 3. Nf3 d5 4. cxd5 exd5 5. Nc3 c6 6. Bg5 Be7 7. Qc2 g6 8. e3 Bf5 9. Bd3 Bxd3 10. Qxd3 Nbd7 11. Rb1 a5 12. 0-0 0-0 13. Rfc1 Re8 14. h3 Ne4 15. Bf4 Bd6 16. Ne2 Ndf6 17. a3 Bxf4 18. Nxf4 g5 19. Ne2 g4 20. Ne5 gxh3 21. gxh3 Nd7 22. Kh2 Nxe5 23. dxe5 Rxe5 24. Rg1+ Kf8 25. f3 Nf6 26. Rg3 Qd6 27. f4 Rh5 28. Rbg1 Ke7 29. Rg5 Rxg5 30. Rxg5 Ne4 31. Nd4 Kd7 32. Re5 Qg6 33. Rxe4 dxe4 34. Qb3 b5 35. Nxb5 Rg8 36. Qd1+ Ke7 37. Qf1 cxb5 38. f5 Qg3+ 39. Kh1 Qf3+ 0-1

[Event "Pan American-ch U20 Girls"]
[Site "Bogota"]
[Date "2013.07.11"]
[Round "4"]
[White "Jaramillo Arce, Katherine Jomira"]
[Black "Chirivi Castiblanco, Angie Lizeth"]
[Result "1/2-1/2"]
[WhiteElo "1856"]
[BlackElo "2032"]
[PlyCount "100"]
[EventDate "2013.07.10"]
[EventType "swiss"]
[EventRounds "9"]
[EventCountry "COL"]
[SourceTitle "CBM 155 Extra"]
[Source "ChessBase"]
[SourceDate "2013.08.26"]
[SourceVersion "1"]
[SourceVersionDate "2013.08.26"]
[SourceQuality "1"]

1. d4 Nf6 2. c4 g6 3. Nf3 d5 4. cxd5 Nxd5 5. e4 Nb6 6. Nc3 Bg7 7. Be2 0-0 8. Be3 c6 9. Qd2 Bg4 10. 0-0-0 Bxf3 11. gxf3 e5 12. dxe5 Qxd2+ 13. Rxd2 Bxe5 14. h4 N8d7 15. h5 Bh8 16. hxg6 hxg6 17. Bg5 Bf6 18. f4 Bxg5 19. fxg5 Nc5 20. Rdd1 Ne6 21. Rdg1 Kg7 22. Rh4 Rh8 23. Rhg4 Rh2 24. f4 Nd4 25. Bd3 Rh3 26. Bf1 Rf3 27. f5 gxf5 28. exf5 Nxf5 29. Be2 Rf2 30. g6 f6 31. Bd3 Nd5 32. Ne4 Rf3 33. Nc5 Re8 34. Rh1 Rh8 35. Ne6+ Kg8 36. Rxh8+ Kxh8 37. Bxf5 Rxf5 38. Rh4+ Kg8 39. Rh7 Rf1+ 40. Kd2 Rg1 41. Rg7+ Kh8 42. Rxb7 Rxg6 43. Rb8+ Rg8 44. Rb7 a5 45. Kd3 Re8 46. Nd4 Nb4+ 47. Kc4 Re4 48. Kc3 c5 49. Nb3 Nxa2+ 50. Kd3 f5 1/2-1/2

[Event "Wch U18 Girls"]
[Site "Al Ain"]
[Date "2013.??.??"]
[Round "2"]
[White "Barbier, Astrid"]
[Black "Jaramillo Arce, Katherine Jomira"]
[Result "0-1"]
[WhiteElo "1789"]
[BlackElo "1850"]
[PlyCount "56"]
[EventDate "2013.12.18"]
[EventType "swiss"]
[EventRounds "11"]
[EventCountry "UAE"]
[SourceTitle "CBM 158 Extra"]
[Source "ChessBase"]
[SourceDate "2014.02.28"]
[SourceVersion "1"]
[SourceVersionDate "2014.02.28"]
[SourceQuality "1"]

1. e4 c5 2. c4 Nc6 3. Nc3 g6 4. g3 Bg7 5. Bg2 e6 6. Nge2 Nge7 7. 0-0 a6 8. a3 0-0 9. d3 d6 10. Rb1 b5 11. cxb5 axb5 12. Nxb5 Rb8 13. Nbc3 Ba6 14. f4 Nd4 15. Be3 Nec6 16. h3 Qa5 17. f5 Nxe2+ 18. Qxe2 Bxc3 19. bxc3 Rxb1 20. Rxb1 Qxc3 21. Bf1 Ne5 22. Rd1 exf5 23. exf5 Rb8 24. Bc1 Rb3 25. f6 Bxd3 26. Qg2 Qd4+ 27. Kh2 d5 28. Rd2 Qe4 0-1

[Event "Guayaquil pre olympic (Women)"]
[Site "Guayaquil"]
[Date "2012.03.24"]
[Round "4"]
[White "Jaramillo Arce, Katherine Jomira"]
[Black "Moncayo Romero, Evelyn"]
[Result "0-1"]
[WhiteElo "1827"]
[BlackElo "2145"]
[PlyCount "82"]
[EventDate "2012.03.23"]
[EventType "swiss"]
[EventRounds "7"]
[EventCountry "ECU"]
[SourceTitle "EXT 2014"]
[Source "ChessBase"]
[SourceDate "2013.11.20"]
[SourceVersion "1"]
[SourceVersionDate "2013.11.20"]
[SourceQuality "1"]

1. d4 Nf6 2. c4 c5 3. d5 b5 4. cxb5 a6 5. b6 d6 6. Nc3 Qxb6 7. e4 g6 8. Nf3 Bg7 9. Bd3 Bg4 10. h3 Bxf3 11. gxf3 Nbd7 12. f4 0-0 13. 0-0 Rfb8 14. Rb1 Ne8 15. Na4 Qc7 16. b3 Nb6 17. Nxb6 Rxb6 18. Bb2 Bxb2 19. Rxb2 a5 20. Re2 Rb4 21. Bc4 Qd7 22. Qd3 a4 23. e5 axb3 24. axb3 Ng7 25. Rfe1 Nf5 26. e6 Qe8 27. exf7+ Qxf7 28. Re4 Ra3 29. Qc3 Qg7 30. Qd3 Qf6 31. Qd2 Nd4 32. Qd1 Ra7 33. Qg4 Nxb3 34. Qc8+ Kf7 35. Re6 Qxf4 36. R1e4 Qg5+ 37. Kh2 Nd2 38. Re3 Rxc4 39. Qh8 Nf1+ 40. Kh1 Nxe3 41. Qxh7+ Ke8 0-1

[Event "Guayaquil pre olympic (Women)"]
[Site "Guayaquil"]
[Date "2012.03.24"]
[Round "3"]
[White "Jaramillo Arce, Katherine Jomira"]
[Black "Salazar Loor, Sara"]
[Result "1-0"]
[WhiteElo "1827"]
[BlackElo "1953"]
[PlyCount "60"]
[EventDate "2012.03.23"]
[EventType "swiss"]
[EventRounds "7"]
[EventCountry "ECU"]
[SourceTitle "EXT 2014"]
[Source "ChessBase"]
[SourceDate "2013.11.20"]
[SourceVersion "1"]
[SourceVersionDate "2013.11.20"]
[SourceQuality "1"]

1. d4 Nf6 2. c4 d6 3. Nc3 g6 4. e4 Bg7 5. Bg5 h6 6. Be3 e5 7. d5 Nbd7 8. g4 Nc5 9. f3 a5 10. Nh3 Bd7 11. Nf2 Qe7 12. Qd2 0-0 13. Be2 Kh7 14. h4 Ne8 15. 0-0-0 a4 16. Nd3 b6 17. Rdg1 c6 18. Nb4 cxd5 19. Nbxd5 Qd8 20. f4 exf4 21. Bd4 Nf6 22. Nxf6+ Bxf6 23. Bxf6 Qxf6 24. g5 Qe5 25. h5 hxg5 26. hxg6+ Kxg6 27. Rh5 f6 28. Rgh1 Rg8 29. Rh7 Rg7 30. Bh5+ Kxh7 1-0

[Event "Guayaquil pre olympic (Women)"]
[Site "Guayaquil"]
[Date "2012.03.23"]
[Round "2"]
[White "Heredia Serrano, Carla Sofia"]
[Black "Jaramillo Arce, Katherine Jomira"]
[Result "1/2-1/2"]
[WhiteElo "2142"]
[BlackElo "1827"]
[PlyCount "158"]
[EventDate "2012.03.23"]
[EventType "swiss"]
[EventRounds "7"]
[EventCountry "ECU"]
[SourceTitle "EXT 2014"]
[Source "ChessBase"]
[SourceDate "2013.11.20"]
[SourceVersion "1"]
[SourceVersionDate "2013.11.20"]
[SourceQuality "1"]

1. e4 c5 2. Nf3 d6 3. d4 cxd4 4. Qxd4 Nc6 5. Bb5 Bd7 6. Bxc6 Bxc6 7. Nc3 e6 8. Bg5 Qa5 9. 0-0-0 e5 10. Qd3 h6 11. Bh4 g5 12. Bg3 Nf6 13. h4 g4 14. Nd2 Be7 15. Nc4 Qc7 16. Ne3 0-0-0 17. Ned5 Nxd5 18. Nxd5 Bxd5 19. Qxd5 Kb8 20. Rd2 Rhf8 21. Re1 Rc8 22. Re3 Qd8 23. Rb3 Rc7 24. Kb1 Qc8 25. f4 gxf3 26. Rxf3 Rc5 27. Qb3 f5 28. exf5 Rxf5 29. Bf2 Rxf3 30. gxf3 Qh3 31. a3 Rc8 32. Qe3 Qf1+ 33. Ka2 Qc4+ 34. b3 Qa6 35. Qxh6 Qa5 36. b4 Qa4 37. Kb2 a5 38. Qe6 Qc6 39. Qb3 Bf6 40. Kb1 a4 41. Qe3 Qa6 42. Qd3 Rc4 43. Qxd6+ Qxd6 44. Rxd6 Bxh4 45. Bxh4 Rxh4 46. Kb2 Rf4 47. Rd5 Rf5 48. Rd3 Kc7 49. Kc3 Kc6 50. Kd2 b6 51. Ke3 Rh5 52. Ke4 b5 53. Rd8 Rg5 54. Rc8+ Kd6 55. Rd8+ Kc6 56. Rc8+ Kd6 57. Rc3 Rh5 58. Rc5 Rh2 59. Rd5+ Kc6 60. Rc5+ Kd6 61. Rxb5 Rxc2 62. Rd5+ Kc6 63. Rc5+ Rxc5 64. bxc5 Kxc5 65. Kxe5 Kc4 66. f4 Kb3 67. f5 Kxa3 68. f6 Kb2 69. f7 a3 70. f8Q a2 71. Qb4+ Ka1 72. Qc3+ Kb1 73. Qe1+ Kb2 74. Qd2+ Kb1 75. Qd1+ Kb2 76. Qe2+ Kb1 77. Qd1+ Kb2 78. Qd2+ Kb1 79. Qb4+ Ka1 1/2-1/2

[Event "Pan American-ch U16 Girls"]
[Site "Cali"]
[Date "2011.07.07"]
[Round "8"]
[White "Orbezo Rosales, Ximena Lucia"]
[Black "Jaramillo Arce, Katherine Jomira"]
[Result "1-0"]
[WhiteElo "1799"]
[BlackElo "1694"]
[PlyCount "41"]
[EventDate "2011.07.03"]
[EventType "swiss"]
[EventRounds "9"]
[EventCountry "COL"]
[SourceTitle "CBM 143 Extra"]
[Source "ChessBase"]
[SourceDate "2011.08.29"]
[SourceVersion "1"]
[SourceVersionDate "2011.08.29"]
[SourceQuality "1"]

1. e4 c5 2. Nf3 d6 3. d4 cxd4 4. Nxd4 Nf6 5. Nc3 a6 6. Bg5 e6 7. Qe2 Be7 8. f4 h6 9. Bh4 g5 10. fxg5 Nh7 11. 0-0-0 hxg5 12. Bg3 Bd7 13. Qh5 Nc6 14. Nxc6 Bxc6 15. Bxd6 Qb6 16. Be5 Qe3+ 17. Kb1 Nf6 18. Qf3 Qxf3 19. gxf3 b5 20. a3 Nh5 21. Bd4 1-0

[Event "Pan American-ch U20 Girls"]
[Site "Duran"]
[Date "2011.06.11"]
[Round "9"]
[White "Mencos, Claudia"]
[Black "Jaramillo Arce, Katherine Jomira"]
[Result "1-0"]
[WhiteElo "1972"]
[BlackElo "1694"]
[PlyCount "105"]
[EventDate "2011.06.05"]
[EventType "swiss"]
[EventRounds "9"]
[EventCountry "ECU"]
[SourceTitle "EXT 2013"]
[Source "ChessBase"]
[SourceDate "2012.11.22"]
[SourceVersion "1"]
[SourceVersionDate "2012.11.22"]
[SourceQuality "1"]

1. e4 d5 2. exd5 Qxd5 3. Nc3 Qa5 4. d4 Nf6 5. Bd2 Bg4 6. Nf3 e6 7. h3 Bh5 8. g4 Bg6 9. Ne5 c6 10. Nxg6 hxg6 11. Qf3 Bb4 12. a3 Nd5 13. Rb1 Bxc3 14. bxc3 Qc7 15. c4 Nf6 16. Bf4 Qa5+ 17. c3 Qxa3 18. Be2 Nbd7 19. Rxb7 Qa1+ 20. Bd1 Qa6 21. Rb4 0-0 22. 0-0 c5 23. Ra4 Qb6 24. Qd3 Qc6 25. Ra1 Rac8 26. Bf3 Qb6 27. Rfb1 Qd8 28. Bb7 a5 29. Bxc8 Qxc8 30. Rxa5 Re8 31. Bd6 e5 32. dxc5 e4 33. Qg3 Qc6 34. Re1 Nh7 35. Qf4 f5 36. gxf5 g5 37. Qg3 Ndf6 38. Ra7 Nh5 39. Qg4 N5f6 40. Qg2 Qc8 41. Rb1 Qxf5 42. Rbb7 e3 43. Rxg7+ Kh8 44. fxe3 Qb1+ 45. Kh2 g4 46. hxg4 Qe1 47. Bg3 Qxe3 48. Bf2 Qf4+ 49. Qg3 Qh6+ 50. Qh3 Qf4+ 51. Kg2 Qe4+ 52. Qf3 Qe5 53. Rxh7+ 1-0

[Event "Pan American-ch U20 Girls"]
[Site "Duran"]
[Date "2011.06.07"]
[Round "4"]
[White "Duran Juarez, Citlali"]
[Black "Jaramillo Arce, Katherine Jomira"]
[Result "1-0"]
[WhiteElo "1959"]
[BlackElo "1694"]
[PlyCount "77"]
[EventDate "2011.06.05"]
[EventType "swiss"]
[EventRounds "9"]
[EventCountry "ECU"]
[SourceTitle "EXT 2013"]
[Source "ChessBase"]
[SourceDate "2012.11.22"]
[SourceVersion "1"]
[SourceVersionDate "2012.11.22"]
[SourceQuality "1"]

1. e4 d5 2. exd5 Qxd5 3. Nc3 Qa5 4. d4 Nf6 5. Bc4 c6 6. Nge2 Bf5 7. 0-0 e6 8. Ng3 Bg6 9. f4 Bd6 10. f5 exf5 11. Qe2+ Kf8 12. Bf4 Qc7 13. Bxd6+ Qxd6 14. Nxf5 Bxf5 15. Rxf5 Nbd7 16. Re1 g6 17. Rf2 Kg7 18. Qe7 Qxe7 19. Rxe7 Rhf8 20. Bb3 Rae8 21. Rfe2 Nb6 22. Rxb7 Nbd5 23. Bxd5 cxd5 24. Ree7 Rxe7 25. Rxe7 Rb8 26. Nd1 Rb4 27. c3 Ra4 28. a3 Ra6 29. Kf1 Ne4 30. Ke2 Kf6 31. Re5 Rd6 32. Ne3 Kg7 33. Nxd5 f5 34. Ne3 Rb6 35. Nd1 Ra6 36. Nf2 Nxf2 37. Kxf2 Rb6 38. b4 Ra6 39. Ra5 1-0